Proyecto de Código de Comercio / (Record no. 110190)

MARC details
000 -LEADER
campo de control de longitud fija 00787nam a2200193 4500
001 - NÚMERO DE CONTROL
campo de control 245
005 - FECHA Y HORA DE LA ÚLTIMA TRANSACCIÓN
campo de control 20230411085952.0
008 - DATOS DE LONGITUD FIJA--INFORMACIÓN GENERAL
campo de control de longitud fija 060907n2001 dr spa
020 ## - NÚMERO INTERNACIONAL ESTÁNDAR DEL LIBRO
Número Internacional Estándar del Libro 999344801X
035 ## - NÚMERO DE CONTROL DEL SISTEMA
-- funglode246
041 ## - CÓDIGO DE IDIOMA
Código de lengua del texto/banda sonora o título independiente ES
110 ## - ENTRADA PRINCIPAL--NOMBRE DE ENTIDAD CORPORATIVA
Nombre de entidad corporativa o nombre de jurisdicción como elemento de entrada República Dominicana, Leyes, etc.
245 1# - MENCIÓN DEL TÍTULO
Título Proyecto de Código de Comercio /
Mención de responsabilidad, etc. Comisión de Revisión y Actualización del Código de Comercio; Coordinador Bernardo Fernández Pichardo, Edición Aura Celeste Fernández R
260 ## - PUBLICACIÓN, DISTRIBUCIÓN, ETC.
Lugar de publicación, distribución, etc. Santo Domingo :
Nombre del editor, distribuidor, etc. Universidad Iberoamericana (UNIBE),
Fecha de publicación, distribución, etc. 2001
300 ## - DESCRIPCIÓN FÍSICA
Extensión Lx, 822 p.
440 ## - MENCIÓN DE SERIE/PUNTO DE ACCESO ADICIONAL--TÍTULO
Título Cuadernos de la Comisión de Revisión y Actualización de los Códigos ;
Designación de volumen o secuencia 6
700 ## - ENTRADA AGREGADA--NOMBRE PERSONAL
Nombre de persona Fernández Pichardo, Bernardo, Coord. \ Fernández R., Aura Celeste, Ed.
942 ## - ELEMENTOS DE ENTRADA SECUNDARIOS (KOHA)
Fuente del sistema de clasificación o colocación Clasificación de Library of Congress
Tipo de ítem Koha
Holdings
Estatus retirado Estado de pérdida Fuente del sistema de clasificación o colocación Estado de daño No para préstamo Colección Biblioteca de origen Biblioteca actual Ubicación en estantería Fecha de adquisición Código de barras Visto por última vez Copia número Tipo de ítem Koha
    Clasificación de Library of Congress     Automatización y Procesos Técnicos Biblioteca Juan Bosch Biblioteca Juan Bosch Automatización y Procesos Técnicos (1er. Piso) 17/02/2019 00020010246 17/02/2019 1